Statistics for Disney Animated Characters Quiz

Click here to take the quiz!

General Stats

  • This quiz has been taken 313,767 times
    (219,114 since last reset)
  • The average score is 22 of 26

Answer Stats

ClueCharacter% Correct
Lives with seven dwarvesSnow White
98%
The mouse who started it allMickey Mouse
96%
Bear who just loves honeyWinnie the Pooh
95%
Maid who becomes a princessCinderella
95%
An elephant who can flyDumbo
95%
Duck with lots of personalityDonald Duck
95%
Rubbed the magic lampAladdin
94%
Puppet who wants to be a real boyPinocchio
94%
The Little MermaidAriel
92%
The (younger) Lion KingSimba
91%
Followed the White RabbitAlice
90%
A tiny, animated flying fairyTinkerbell
90%
Has long hair and lives in a towerRapunzel
89%
Long-slumbering princessSleeping Beauty
89%
Boy who doesn't grow upPeter Pan
88%
His mother was shot by deer huntersBambi
88%
She falls in love with a beastBelle
87%
A very strong Greek heroHercules
86%
She can freeze with a touchElsa
83%
She plots to get a dalmatian coatCruella De Ville
82%
Human boy in The Jungle BookMowgli
75%
Pulled the sword from the stoneArthur
70%
Not-too-bright dog. Garsh!Goofy
66%
Video game villain; wants to be a heroWreck-it Ralph
66%
Arch-enemy of Prince JohnRobin Hood
58%
He was framed in ToontownRoger Rabbit
52%

Score Distribution

Percentile by Number Answered

Percent of People with Each Score

Your Score History

You have not taken this quiz since the last reset